Loading...
| History - World History | 0 | 5 | 0 | 1 | 50 | 30 | 53.40 | 0 | 3 |
| History - Other History | 0 | 5 | 2 | 1 | 40 | 41 | 82.20 | 0 | 1 |
| History - European History | 0 | 4 | 1 | 0 | 35 | 36 | 47.75 | 2 | 4 |
| Philosophy | 0 | 2 | 0 | 1 | 20 | 51 | 76.00 | 0 | 1 |
| Literature - World Literature | 0 | 1 | 0 | 0 | 10 | 62 | 62.00 | 0 | 1 |
| Mythology | 0 | 1 | 0 | 1 | 10 | 113 | 113.00 | 0 | 0 |
| Painting/Sculpture | 0 | 1 | 0 | 1 | 10 | 94 | 94.00 | 0 | 0 |
| Pop Culture | 0 | 1 | 0 | 1 | 10 | 106 | 106.00 | 0 | 0 |
| Religion | 0 | 1 | 0 | 0 | 10 | 57 | 57.00 | 1 | 1 |
| Science - Biology | 0 | 1 | 0 | 1 | 10 | 93 | 93.00 | 0 | 0 |
| Social Science | 0 | 1 | 0 | 0 | 10 | 78 | 78.00 | 1 | 1 |
| Geography | 0 | 1 | 0 | 0 | 10 | 35 | 35.00 | 1 | 1 |
| History - American History | 0 | 1 | 0 | 0 | 10 | 70 | 70.00 | 0 | 1 |
| Literature - European Literature | 0 | 1 | 0 | 0 | 10 | 63 | 63.00 | 1 | 1 |
| Science - Other Science | 0 | 1 | 1 | 0 | 5 | 30 | 30.00 | 1 | 1 |
| Current Events | 0 | 0 | 1 | 0 | -5 | 0.00 | 0 | 0 |